Posse e Domn̕io. Aspectos pertinentes ̉Perc̕ia Judicial

Bibliographic Details
Main Author: Sřgio Liporoni, Antonio
Other Authors: Martins Benite, Odair
Format: Book
Language:English
Published: Brasil LEUD - Livraria e Editora Universitr̀ia de Direito, 2008
Subjects:
Online Access:Acceso restringido

MARC

LEADER 00000nam a22000007a 4500
005 20160503143951.0
007 cr|||| ||u|
008 160503s xxu||||| |||| 00||0 eng d
020 |a 978-85-7456-239-1 
035 |a 14192 
040 |a vLex  
090 |c 6048  |d 6048 
100 |a Sřgio Liporoni, Antonio  
245 1 0 |a Posse e Domn̕io. Aspectos pertinentes ̉Perc̕ia Judicial  |h [Recurso electrn̤ico] /  |c Antonio Sřgio Liporoni  
256 |a Servicio en ln̕ea  
260 |a Brasil  |b LEUD - Livraria e Editora Universitr̀ia de Direito,  |c 2008  
300 |a 1 recurso electrn̤ico (2ð ediȯ̂ 184 pg̀s) 
506 1 |a Contenido solo disponible en los productos indicados  |d vLex Global  |d vLex Global (Academic Edition, excluding Law Schools)  |d vLex Global (U.S. Academic Edition, Law Schools)  |d vLex Global (U.S. Academic Edition, excluding Law Schools)  |d vLex Global (Academic Edition, Law Schools) 
650 0 4 |a Derecho  |z Brasil 
700 1 |a Martins Benite, Odair  
740 0 |a vLex libros (servicio en ln̕ea)  
856 4 0 |u http://vlex.com/source/posse-fominio-14192  |z Acceso restringido  
942 |c BOOK 
999 0 |a Law  |b Brasil